Économie appliquée

Guardado en:
Detalles Bibliográficos
Formato: Seriadas
Lenguaje:francés
Publicado: Paris Institut de Science Économique Appliquée 1975
Etiquetas: Agregar Etiqueta
Sin Etiquetas, Sea el primero en etiquetar este registro!

MARC

LEADER 00000nas2a2200000 4500
001 0011628
005 20250730114304.6
022 |a 0013-0494 
041 0 |a fre 
044 |a FR 
245 1 0 |a Économie appliquée 
264 1 |a Paris  |b Institut de Science Économique Appliquée  |c 1975 
300 |a 1 zv. 
773 0 |w eu_un_cat*0011616